000 00319nam a2200109Ia 4500
008 171211s9999 xx 000 0 und d
245 _aStreet Karate: A Complete Course in Self-Defense
245 _cJohn McSweeney
260 _c1998
650 _xMartial Arts
856 _uhttp://down.ebook777.com/057/9780873649667.pdf
999 _c348195
_d348195